Statistiques concernant Capitales du monde par lettre - R

Cliquez ici pour prendre le quiz!

Statistiques générales

  • Ce quiz a été pris 905 fois
  • Le résultat moyen est 4 sur 6

Statistiques - réponses

Réponse% Correct
Riga
85%
Rome
84%
Rabat
68%
Reykjavik
68%
Riyad
62%
Roseau
49%

Distribution des résultats

Percentile par nombre de réponses

% des personnes avec chaque résultat

Votre développement - résultats

Vous n’avez pas pris ce quiz